|
|
|
|
| LEADER |
00000cam a2200000 a 4500 |
| 001 |
vtls008338656 |
| 003 |
SK-MaSNL |
| 005 |
20260301222743.0 |
| 008 |
240314s1973 xo a f n 000 0 slo |
| 015 |
|
|
|a SKSNBA1973/11-02723
|
| 035 |
|
|
|a SK01SNK19730030873
|
| 035 |
|
|
|a SKM000033336
|
| 040 |
|
|
|a SNK
|b slo
|c SNK
|e AACR2
|
| 041 |
0 |
|
|a slo
|
| 044 |
|
|
|a xo
|c SK
|
| 080 |
|
|
|a 32.019.5
|2 1981
|
| 080 |
|
|
|a 659.3
|2 1981
|
| 100 |
1 |
|
|a Brečka, Samuel,
|d 1943-
|4 aut
|9 110962
|
| 245 |
1 |
0 |
|a Účinnosť propagandistického pôsobenia masových komunikačných prostriedkov
|b štúdia k tematickej úlohe 8-4-6-4/4 ...
|c riešiteľ: Samuel Brečka
|
| 260 |
|
|
|a Bratislava
|b Obzor
|c 1973
|e Nitra
|f Nitrianske tlačiarne
|
| 300 |
|
|
|a 171, [3] s.
|b tab.
|c 4°
|
| 366 |
|
|
|e 250 výt.
|
| 500 |
|
|
|a Pozn. Vysvetl.
|
| 504 |
|
|
|a Bibliogr. odkazy
|
| 650 |
0 |
7 |
|a masmédiá
|2 SNKPH
|9 1418
|
| 650 |
0 |
7 |
|a propagandistické pôsobenie
|2 SNKPH
|9 612817
|
| 655 |
|
7 |
|a výskumné správy
|2 SNKPH
|9 70491
|
| 958 |
|
|
|a OND
|
| 958 |
|
|
|a RM
|
| 958 |
|
|
|a NB
|
| 999 |
|
|
|c 940939
|d 942869
|
| 952 |
|
|
|a SNK
|b SNK
|y VYP
|7 0
|o snkSB 20028 D1
|i snkKSP 7549/73
|0 0
|1 0
|4 0
|d 2016-03-14
|l 0
|r 2026-02-24 09:17:56
|w 2026-02-24
|
| 952 |
|
|
|a SNK
|b SNK
|y PREZ
|7 0
|p 17A0899709
|o snkSB 20028
|i snkKSP 7548/73
|0 0
|1 0
|4 0
|d 2015-03-25
|l 0
|r 2025-03-25 00:00:00
|w 2026-02-24
|